000 01144nam0a22003011 4500
001 rc\4994408
005 20260408081554.0
021 _aRU
_b[60-66731]
035 _a(NLR Aleph) 008989399
090 _a9236686
_c9236686
100 _a20130430d1960 |||y0rusy50 ca
101 0 _arus
102 _aRU
105 _ay z |||||
200 1 _aСписок газетных узлов Союза ССР
_fМ-во связи СССР. Гл. почт. упр.
210 _aМосква
_cСвязьиздат
_d1960
215 _a208 с.
_d27
300 _aНа обороте тит. л. сост.: Д.М. Попов, Т.Д. Лифенцева, А.С. Курчин
606 _aГазетно-почтовые узлы
_jСправочники
_2psbo
702 1 _aЛифенцева
_bТ.Д.
_4220
702 1 _aКурчин
_bА.С.
_4220
702 1 _aПопов
_bД.М.
_gДмитрий Михайлович
_4220
712 0 1 _aСССР
_bГлавное почтовое управление
_3RU\NLR\AUTH\8810124921
_9747355
801 0 _aRU
_bNLR
_gpsbo
801 1 _aRU
_bELAR
_2rusmarc
852 _aNLR
_j60-7/2034
942 _cBOOK
980 _aNB